000 00274nam a22001217a 4500
008 170523b xxu||||| |||| 00| 0 eng d
041 _aeng
080 _a94
100 _a16
101 _aSHH
245 _aTHE VOLUME LIBRARY YEAR BOOK 1995
_cCOX.J.S
942 _2udc
_cBK
999 _c13941
_d13941